000 01247nam a2200325 c 4500
003 BLK
005 20240126153044.0
008 180409b bul|||||r ||||||| ||bul||
010 _aKNG00116701000
020 _a954-733-378-Х
_bиздат.: Прозорец
040 _aBLK
041 _aBUL
_cBUL
080 _aАмериканска литература (на САЩ)
_b821.111(73)
_x-312.4
_z821.111(73)-312.4
100 1 _aЛъдлъм, Робърт
_eпърви автор
_9241671
700 1 _aНиколов, Светлозар Борисов
_eпрев.
_9364103
139 _aЛъдлъм, Робърт
_bЛ 93
245 1 0 _aАферата "Олтмън"
_bРоман
_cРобърт Лъдлъм; прев. Светлозар Борисов Николов.
257 _aUSA
260 София
_bПрозорец
_c2004
_fСофия : Инвестпрес
300 _a528 с.
_c20 см
380 _aX
490 1 _aКолекция Робърт Лъдлъм
500 _aОриг. загл. The Altman code / Robert Ludlum
852 _aЦб 222050
856 4 _qpdf
_u
856 4 _qpdf
_u
942 _cKNG
_n0
_015
944 _aCR
_c22.12.2004
_k30576
_lЦветомила Тодорова
944 _aED
_c03.07.2007
_k
999 _c111361
_d111361